000 00223nam a2200097Ia 4500
008 170619s9999 xx 000 0 und d
100 _aJohnson B
245 0 _aVector Mech. Engg.statics
260 _bNew Delhi: TMH
260 _c2001
546 _aENGLISH
999 _c16517
_d16517